| 000 | 00437nam a2200145Ia 4500 | ||
|---|---|---|---|
| 008 | 230917s9999||||xx |||||||||||||| ||und|| | ||
| 040 |
_e170666 _aMAIN |
||
| 041 | _aEnglish | ||
| 082 | _a891.43301731 SM26B | ||
| 100 | _aस्नेह, मोहनिश | ||
| 245 | 0 | _aबौर फागुन का | |
| 260 |
_aदिल्ली _bपूर्वोदय प्रकाशन _c1981 |
||
| 300 | _a96 पृ. p. | ||
| 942 | _cHN | ||
| 999 |
_c226819 _d226819 |
||